| 000 | 00481nam a2200181Ia 4500 | ||
|---|---|---|---|
| 999 |
_c5750 _d5750 |
||
| 003 | OSt | ||
| 005 | 20191231105115.0 | ||
| 008 | 190216s9999||||xx |||||||||||||| ||und|| | ||
| 040 | _coclc | ||
| 082 |
_a338 _bSAN/B |
||
| 100 |
_aSankaran, S _9495 |
||
| 245 | 0 |
_aBusiness Economics / _c S Sankaran |
|
| 250 | _a4th ed. | ||
| 260 |
_bMargham Publications, _c1999. _aMadras: |
||
| 300 | _a383p | ||
| 650 | _aCommerce | ||
| 942 |
_cBK _2ddc _h338 _iSAN/B _k338 _mSAN/B |
||